003770000a22001330004500003001100000008004100011040003900052041000800091082001300099245006200112260003400174300000900208650002600217LK-CoMWRAF230817t ||||| |||| 00| 0 eng d aLK-CoMWRAFdLK-CoMWRAFeLK-CoMWRAF aeng a164bLAW aLaw regarding marriagebLegal rights of women in Pakistan aLahorebAGHS Legal aid cellc ap.35 aMUSLIM LAW - PAKISTAN